| 000 -LEADER |
| fixed length control field |
00952nam a2200277Ia 4500 |
| 001 - CONTROL NUMBER |
| control field |
21374 |
| 003 - CONTROL NUMBER IDENTIFIER |
| control field |
GE_BSU |
| 005 - DATE AND TIME OF LATEST TRANSACTION |
| control field |
20211102145921.0 |
| 008 - FIXED-LENGTH DATA ELEMENTS--GENERAL INFORMATION |
| fixed length control field |
181216s2016||||ru |||||||||||||| ||rus|| |
| 020 ## - INTERNATIONAL STANDARD BOOK NUMBER |
| International Standard Book Number |
9785811421459 |
| 040 ## - CATALOGING SOURCE |
| Transcribing agency |
GE_BSU |
| 041 ## - LANGUAGE CODE |
| Language code of text/sound track or separate title |
rus |
| 080 ## - UNIVERSAL DECIMAL CLASSIFICATION NUMBER |
| Universal Decimal Classification number |
54(076.8) Г-14 |
| 100 ## - MAIN ENTRY--PERSONAL NAME |
| Personal name |
Гайдукова, Б. М. |
| 9 (RLIN) |
12789 |
| 245 ## - TITLE STATEMENT |
| Title |
Техника и технология лабораторных работ / |
| Statement of responsibility, etc. |
Б. М. Гайдукова, С.В. Харитонов. |
| 250 ## - EDITION STATEMENT |
| Edition statement |
2-е издание стереотипное |
| 264 ## - PRODUCTION, PUBLICATION, DISTRIBUTION, MANUFACTURE, AND COPYRIGHT NOTICE |
| Place of production, publication, distribution, manufacture |
Санкт-Петербург, |
| Name of producer, publisher, distributor, manufacturer |
Лань, |
| Date of production, publication, distribution, manufacture, or copyright notice |
2016. |
| 300 ## - PHYSICAL DESCRIPTION |
| Extent |
128 стр. ; |
| Dimensions |
20 см. |
| 500 ## - GENERAL NOTE |
| General note |
Библиогр. стр 126 |
| 653 ## - INDEX TERM--UNCONTROLLED |
| keyword |
Техника и технология лабораторных работ |
| 653 ## - INDEX TERM--UNCONTROLLED |
| keyword |
Химия |
| 653 ## - INDEX TERM--UNCONTROLLED |
| keyword |
ქიმია |
| 700 ## - ADDED ENTRY--PERSONAL NAME |
| Personal name |
Харитонов, С. В. |
| Relator term |
автор |
| 9 (RLIN) |
12790 |
| 942 ## - ADDED ENTRY ELEMENTS (KOHA) |
| Koha item type |
წიგნი |
| Source of classification or shelving scheme |
|